000 00329nam a2200121Ia 4500
008 220120s9999||||xx |||||||||||||| ||und||
082 _a621.3 KUL
100 _aKulashreshtha, D.C.
245 0 _aBasic electrical engineering
260 _aMcgraw hill book company
_bBangalore
_c2013
300 _a453p.
_b380
650 _aHUMANITIES
999 _c132811
_d132811